LEADER 01267cam2-2200397---450 001 990001976860203316 005 20170426102135.0 035 $a000197686 035 $aUSA01000197686 035 $a(ALEPH)000197686USA01 035 $a000197686 100 $a20040902d1970----km-y0itay5003----ba 101 0 $aita 102 $aIT 105 $aa|||||||001yy 200 1 $aLombardia$e(eccetto Milano e laghi)$fTouring club italiano 205 $a8. ed 210 $aMilano$cTouring club italiano$d1970 215 $a756, 56 p., [14] carte geografiche di cui 2 ripiegate$cill.$d16 cm 225 2 $aGuida d'Italia del Touring club italiano$v3 300 $aSegue: Notizie pratiche 300 $aEdizione di 9000 esemplari 410 0$1001996222541303316$12001$aGuida d'Italia$v, 3 607 $aLombardia$xGuide$2BNCF 676 $a914.5204927 710 02$aTouring club italiano$05623 801 0$aIT$bsalbc$gISBD 912 $a990001976860203316 951 $aIII.1. Coll. 11/ 3b(I B 145)$b62480 L.M.$cIII.1. Coll.$d396833 959 $aBK 969 $aUMA 979 $aSIAV8$b10$c20040902$lUSA01$h1600 979 $aCOPAT4$b90$c20050315$lUSA01$h1322 979 $aCOPAT4$b90$c20050315$lUSA01$h1331 996 $aLombardia$9148875 997 $aUNISA LEADER 02094nam 2200553 450 001 9910815336803321 005 20230823003659.0 010 $a1-64012-225-7 035 $a(CKB)5590000000002051 035 $a(OCoLC)1196260385 035 $a(MdBmJHUP)muse84423 035 $a(MiAaPQ)EBC6351427 035 $a(EXLCZ)995590000000002051 100 $a20210217d2020 uy 0 101 0 $aeng 135 $aur|||||||nn|n 181 $ctxt$2rdacontent 182 $cc$2rdamedia 183 $acr$2rdacarrier 200 10$aAll Souls Day $ethe World War II battle and the search for a lost U.S. battalion /$fJoseph M. Pereira, John L. Wilson 210 1$aLincoln, Nebraska :$cPotomac Books,$d[2020] 210 4$dİ2020 215 $a1 online resource 311 $a1-64012-422-5 320 $aIncludes bibliographical references and index. 330 $a"The reconstruction of a little-known battle during World War II, and the impact it has to this day"--$cProvided by publisher. 517 3 $aWorld War II battle and the search for a lost U.S. battalion 606 $aWorld War, 1939-1945$xRepatriation of war dead$zUnited States 606 $aWorld War, 1939-1945$xRegimental histories$zUnited States 606 $aWorld War, 1939-1945$xMissing in action$zUnited States 606 $aSoldiers$zUnited States$vBiography 606 $aMissing in action$xFamily relationships$zUnited States 606 $aHu?rtgen Forest, Battle of, Germany, 1944 615 0$aWorld War, 1939-1945$xRepatriation of war dead 615 0$aWorld War, 1939-1945$xRegimental histories 615 0$aWorld War, 1939-1945$xMissing in action 615 0$aSoldiers 615 0$aMissing in action$xFamily relationships 615 0$aHu?rtgen Forest, Battle of, Germany, 1944. 676 $a940.54/213551 700 $aPereira$b Joseph M.$01638114 702 $aWilson$b John L$c(Military historian), 801 0$bMiAaPQ 801 1$bMiAaPQ 801 2$bMiAaPQ 906 $aBOOK 912 $a9910815336803321 996 $aAll Souls Day$93980321 997 $aUNINA LEADER 01210nam 2200397 450 001 9910810706803321 005 20230803212910.0 010 $a1-4267-9217-4 035 $a(CKB)3710000000372312 035 $a(MiAaPQ)EBC6122758 035 $a(MiAaPQ)EBC6122617 035 $a(Au-PeEL)EBL6122758 035 $a(OCoLC)1143650214 035 $a(EXLCZ)993710000000372312 100 $a20220523d2014 uy 0 101 0 $aeng 135 $aurcnu|||||||| 181 $ctxt$2rdacontent 182 $cc$2rdamedia 183 $acr$2rdacarrier 200 10$aAnonymous - women's bible study preview book $ediscovering the somebody you are to god /$fCindi Wood 210 1$aNashville, Tennessee :$cAbingdon Press,$d[2014] 210 4$dİ2014 215 $a1 online resource (34 pages) 330 $aFind your significance in the heart of God. 606 $aChristian women$xReligious life 615 0$aChristian women$xReligious life. 676 $a248.843 700 $aWood$b Cindi$01702712 801 0$bMiAaPQ 801 1$bMiAaPQ 801 2$bMiAaPQ 906 $aBOOK 912 $a9910810706803321 996 $aAnonymous - women's bible study preview book$94087448 997 $aUNINA